Los detectives salvajes

I tiakina i:
Ngā taipitopito rārangi puna kōrero
Kaituhi matua: Bolaño, Roberto (Author)
Hōputu: Pukapuka
Reo:Pāniora
I whakaputaina: Barcelona Anagrama 2011
Putanga:20a. ed
Rangatū:Colección Compactos, 232
Ngā marau:
Ngā Tūtohu: Tāpirihia he Tūtohu
Kāore He Tūtohu, Me noho koe te mea tuatahi ki te tūtohu i tēnei pūkete!

MARC

LEADER 00000cam a2200000 a 4500
001 UCG8577
003 CL-VaPUC
008 111223e20110000SP |||||||||||||||||spa|d
020 |a 9788433966636 
082 0 4 |a Ch863  |b BOL  |2 21 
100 0 |a Bolaño, Roberto  |e author  |9 559163 
245 1 4 |a Los detectives salvajes 
250 |a 20a. ed 
300 |a 609 p 
942 |c BK 
945 |d 20111223 00:00:00  |a cmena 
260 |a Barcelona  |b Anagrama  |c 2011 
650 0 |a Novelas chilenas   |9 265425 
650 0 |a Literatura chilena   |9 308278 
583 |a last modification  |c 20111223 12:06:00  |k Rodrigo Vera 
490 0 |a Colección Compactos, 232 
999 |c 346183  |d 346181 
952 |0 0  |1 0  |4 0  |6 CH_863_000000000000000_BOL_2011  |7 0  |8 A  |9 446767  |a FDOPOS  |b BIBEDU  |d 2019-11-22  |i 4817451  |l 5  |m 1  |o Ch863 BOL 2011  |p 4817451  |r 2025-01-22  |s 2022-05-24  |w 2019-11-22  |y BK  |k DLH